00962nam a2200277 i 4500001001100000003000500011005001700016008004100033020002900074040002500103082001400128245011000142264004900252300004800301336002100349337002500370338002300395490001900418650005800437650005100495700003500546700003100581700002800612700002500640830001900665C2-0322944PPAK20210613123130.0130918s2013 my a j | 0 may d a9789671134924qpaperback aPPAKbengcPPAKerda04a153.822300aHidup tanpa stress :nJilid 2 /cEditor : Shamila Pathmanathan, Nor Aslina Mamat, Faudziah Bedu, Lily Tay 1aSeri Kembangan, Selangor : bMindamax,c2013 a86 pages : bcolour illustrations ; c22 cm 2rdacontentatext 2rdamediaaunmediated 2rdacarrieravolume1 aSiri jati diri10aSelf-actualization (Psychology) vJuvenile literature20aMotivation (Psychology) vJuvenile literature.0 aShamila Pathmanathan,eeditor.0 aNor Aslina Mamat,eeditor.0 aFaudziah Bedu,eeditor.1 aLily, Tay ,eeditor. 0aSiri jati diri